| 000 | 00511nam a2200181Ia 4500 | ||
|---|---|---|---|
| 008 | 180910s9999 xx 000 0 und d | ||
| 100 | _aSmith, Eliot, R. | ||
| 245 | _aJournal of Personalilty and Social Psychology / | ||
| 245 | _cEliot R. Smith. | ||
| 260 | _bUSA | ||
| 260 | _c2017 | ||
| 300 | _apages 835-986, December 2017 | ||
| 440 |
_aJournal of Personalilty and Social Psychology _v113:6 |
||
| 650 | _aPeriodicals. | ||
| 650 | _aPersonality. | ||
| 650 | _aSocial Psychology. | ||
| 650 | _aTraits. | ||
| 999 |
_c358730 _d358730 |
||